[Event "Kieler Open 2016-B"]
[Site "Kiel"]
[Date "2016.07.30"]
[Round "2.8"]
[White "Rulfs, Ernst-August"]
[Black "Sowa, Kay"]
[Result "0-1"]
[WhiteElo "1212"]
[BlackElo "1543"]
[PlyCount "56"]

1. c4 g6 2. Nf3 Bg7 3. Nc3 c5 4. g3 Nc6 5. Bg2 e6 6. O-O Nge7 7. d3 O-O 8.
a3 a6 9. Qc2 Rb8 10. Rb1 b5 11. Ne4 d6 12. b4 cxb4 13. axb4 bxc4 14. dxc4 Nxb4
15. Qd2 a5 16. Qxd6 Qxd6 17. Nxd6 Ba6 18. Nd2 Rfd8 19. N2e4 f5 20. Bg5 Kf8 21.
Bxe7+ Kxe7 22. Nxf5+ gxf5 23. Ng5 h6 24. Nh3 Bxc4 25. Rfc1 Rdc8 26. Nf4 Ba2 27.
Rxc8 Rxc8 28. Ra1 Bxa1 0-1

[Event "Kieler Open 2016-B"]
[Site "Kiel"]
[Date "2016.07.30"]
[Round "2.10"]
[White "Plichta, Hans-Reiner"]
[Black "Müller, Richard"]
[Result "1-0"]
[WhiteElo "1688"]
[BlackElo "1379"]
[PlyCount "45"]

1. d4 d5 2. c4 e6 3. Nf3 Nc6 4. a3 h6 5. Qc2 a5 6. g3 Nf6 7. Nbd2 dxc4
8. Qxc4 Qd7 9. Bg2 b6 10. Qc2 Bb7 11. O-O Nxd4 12. Nxd4 Bxg2 13. Kxg2 Qxd4 14.
Qc6+ Nd7 15. Qxa8+ Ke7 16. Qe4 Qd6 17. Nc4 Qc5 18. Be3 Qb5 19. a4 Qb4 20. Bd2
Qc5 21. Rfc1 Nf6 22. Qf3 Kd7 23. Bf4 1-0

[Event "Kieler Open 2016-B"]
[Site "Kiel"]
[Date "2016.07.30"]
[Round "2.11"]
[White "Hoppe, Marc"]
[Black "Eberhardt, Michael"]
[Result "0-1"]
[WhiteElo "1381"]
[BlackElo "1648"]
[PlyCount "90"]

1. d4 Nf6 2. c4 e6 3. Nf3 b6 4. Nc3 Bb7 5. Bf4 g6 6. d5 exd5 7. Nxd5 Nxd5
8. cxd5 Bg7 9. Rc1 d6 10. Qd2 O-O 11. Bh6 Re8 12. Bxg7 Kxg7 13. e3 Nd7 14. Bb5
Re7 15. O-O a6 16. Bc6 Bxc6 17. Qc3+ Kg8 18. Qxc6 Nf6 19. Nd4 Qf8 20. Qc3 Nxd5
21. Qd3 Nf6 22. Nc6 Rd7 23. Nb4 a5 24. Nd5 Nxd5 25. Qxd5 Re8 26. Rc4 Re5 27.
Qb7 Qe7 28. Rfc1 Rg5 29. g3 Kg7 30. a3 Qe6 31. Qa6 Re7 32. b4 axb4 33. axb4 Rd5
34. Qa1+ Qe5 35. Qxe5+ dxe5 36. Rxc7 Rxc7 37. Rxc7 Rd1+ 38. Kg2 Rb1 39. Rc4 f5
40. Rc7+ Kh6 41. Rc4 b5 42. Rh4+ Kg7 43. f3 g5 44. Rh5 Kg6 45. g4 Rxb4 0-1

[Event "Kieler Open 2016-B"]
[Site "Kiel"]
[Date "2016.07.30"]
[Round "2.12"]
[White "Guenther, Emil"]
[Black "Bahr, Arne"]
[Result "1-0"]
[WhiteElo "1282"]
[BlackElo "1610"]
[PlyCount "71"]

1. d4 g6 2. e4 Nf6 3. Nc3 d5 4. exd5 Nxd5 5. Nxd5 Qxd5 6. Nf3 Bg7 7. c3
O-O 8. Be2 Nc6 9. O-O e5 10. dxe5 Qxd1 11. Rxd1 Nxe5 12. Nxe5 Bxe5 13. Bh6 Re8
14. Bf3 Bf6 15. Re1 Rxe1+ 16. Rxe1 Be6 17. Bf4 c6 18. a3 g5 19. Be5 Kg7 20. h3
Rd8 21. Bxf6+ Kxf6 22. Re4 Bd5 23. Rd4 Ke7 24. Bxd5 Rxd5 25. Kf1 f5 26. Ke2 Ke6
27. f4 Rxd4 28. cxd4 gxf4 29. Kf3 Kd5 30. Kxf4 Kxd4 31. Kxf5 a5 32. Kf6 a4 33.
Kg7 h5 34. g4 hxg4 35. hxg4 Ke5 36. g5 1-0

[Event "Kieler Open 2016-B"]
[Site "Kiel"]
[Date "2016.07.30"]
[Round "2.13"]
[White "Zechel, Rolf-Ruediger"]
[Black "Korte, Andreas"]
[Result "1-0"]
[WhiteElo "1588"]
[BlackElo "1305"]
[PlyCount "61"]

1. d4 d5 2. c4 e6 3. cxd5 exd5 4. Nf3 Nf6 5. Nc3 Be7 6. Bg5 O-O 7. e3 c6
8. Be2 Nbd7 9. Qc2 h6 10. Bh4 Re8 11. O-O Nf8 12. h3 Bd7 13. Rab1 Qc8 14. Ne5
Bf5 15. Bd3 Bxd3 16. Qxd3 N8d7 17. Nxd7 Qxd7 18. b4 Qe6 19. a4 Ne4 20. Bxe7
Rxe7 21. Nxe4 Qxe4 22. Qxe4 Rxe4 23. b5 h5 24. bxc6 bxc6 25. Rfc1 Re6 26. Rb7
a5 27. Rc7 Ra6 28. Rb1 Kf8 29. Rbb7 Ra8 30. Rxf7+ Ke8 31. Rxg7 1-0

[Event "Kieler Open 2016-B"]
[Site "Kiel"]
[Date "2016.07.30"]
[Round "2.14"]
[White "Salwasser, Christian"]
[Black "Schwerdt, Alwin Elias"]
[Result "0-1"]
[WhiteElo "1534"]
[BlackElo "1448"]
[PlyCount "50"]

1. e4 e5 2. Nf3 Nc6 3. d4 exd4 4. Bc4 h6 5. O-O Bc5 6. c3 dxc3 7. Bxf7+
Kxf7 8. Qd5+ Kf8 9. Qxc5+ d6 10. Qxc3 Bg4 11. Nd4 Nxd4 12. Qxd4 Nf6 13. f3 Bd7
14. f4 Be6 15. e5 Ne8 16. f5 Bg8 17. f6 gxf6 18. exf6 Bf7 19. Qh4 h5 20. Bg5 c6
21. Qf4 Kg8 22. Bh6 Kh7 23. Qg5 Rg8 24. Qf4 a5 25. g4 Rxg4+ 0-1

[Event "Kieler Open 2016-B"]
[Site "Kiel"]
[Date "2016.07.30"]
[Round "2.15"]
[White "Beyer, Mirko"]
[Black "Schumacher, Horst"]
[Result "1-0"]
[WhiteElo "1397"]
[BlackElo "1530"]
[PlyCount "87"]

1. e4 d5 2. e5 c5 3. d4 c4 4. c3 e6 5. f4 g6 6. Nf3 Nh6 7. Be2 Be7 8. Nbd2
Nf5 9. Nf1 h5 10. Ne3 Bh4+ 11. g3 Nxe3 12. Bxe3 Be7 13. b3 b5 14. a4 Bd7 15.
axb5 Bxb5 16. bxc4 dxc4 17. Nd2 Qc7 18. O-O Nd7 19. Bf3 Bc6 20. Bxc6 Qxc6 21.
Qf3 Qxf3 22. Nxf3 O-O 23. Ra2 Bd8 24. Ra6 Bb6 25. Ra4 Rfc8 26. Nd2 Rc6 27. Nxc4
Rac8 28. Nd6 R8c7 29. Bd2 Kf8 30. Rfa1 a5 31. Kg2 Ra7 32. Nc4 Bc7 33. Nxa5 Rca6
34. c4 Nb6 35. Bb4+ Ke8 36. R4a3 Kd7 37. Kf2 Na8 38. Nb3 Rxa3 39. Rxa3 Rxa3 40.
Bxa3 Nb6 41. Nd2 Na4 42. Ke2 Ba5 43. Ne4 Bd8 44. Nc5+ 1-0

[Event "Kieler Open 2016-B"]
[Site "Kiel"]
[Date "2016.07.30"]
[Round "2.16"]
[White "Prasobhu, Pramod Kumar"]
[Black "Spreu, Joerg"]
[Result "1/2-1/2"]
[WhiteElo "1703"]
[BlackElo "1420"]
[PlyCount "112"]

1. e4 e5 2. Nf3 Nf6 3. Nxe5 d6 4. Nf3 Nxe4 5. d4 d5 6. Bd3 Nc6 7. Qe2 f5 8. c4
Nb4 9. cxd5 Nxd3+ 10. Qxd3 Bb4+ 11. Nc3 Qxd5 12. O-O Bxc3 13. bxc3 O-O 14. c4
Qd6 15. Ba3 c5 16. Rad1 Rd8 17. Qb3 Qf6 18. dxc5 Be6 19. Bb2 Qf7 20. Ne5 Qc7
21. c6 bxc6 22. Qe3 Qb6 23. Bd4 c5 24. Ba1 Rd6 25. f3 Nf6 26. Rb1 Qc7 27. Rb5
Nd7 28. Nxd7 Qxd7 29. Rxc5 Rd8 30. Re5 Bxc4 31. Re7 Rd1 32. Re1 Rxe1+ 33. Qxe1
Qd1 34. Rxg7+ Kf8 35. Re7 Qxe1+ 36. Rxe1 Bxa2 37. Kf2 Kf7 38. Kg3 Be6 39. Rc1
Rd7 40. Kf4 a5 41. Rc5 a4 42. Ra5 Rd2 43. Rxa4 Rxg2 44. Ra7+ Kg8 45. h4 Rd2 46.
Kg5 Rg2+ 47. Kf6 Rg6+ 48. Ke7 Bd5 49. Ra5 Re6+ 50. Kd7 Bc4 51. Rxf5 Ra6 52.
Rg5+ Rg6 53. f4 Rxg5 54. hxg5 Kf7 55. f5 Bd3 56. f6 Bg6 1/2-1/2

[Event "Kieler Open 2016-B"]
[Site "Kiel"]
[Date "2016.07.30"]
[Round "2.17"]
[White "Aksüt, Önder"]
[Black "Bunke, Mike"]
[Result "1-0"]
[WhiteElo "1653"]
[BlackElo "1405"]
[PlyCount "79"]

1. d4 f5 2. Nc3 Nf6 3. Bf4 e6 4. Nf3 d5 5. g3 Bb4 6. Bg2 Ne4 7. Bd2 Nxc3 8.
bxc3 Bd6 9. Bg5 Be7 10. Qd2 O-O 11. O-O b6 12. Bxe7 Qxe7 13. Ne5 Nd7 14. f4
Nxe5 15. fxe5 Ba6 16. Rf2 Rac8 17. Raf1 c5 18. Kh1 cxd4 19. cxd4 Rc7 20. g4 g6
21. gxf5 gxf5 22. Rg1 Kf7 23. e4 dxe4 24. Bxe4 Ke8 25. d5 Qh4 26. Rf4 Qh6 27.
d6 Rcf7 28. Bc6+ Kd8 29. Qf2 Rh8 30. Rh4 Qf8 31. Qg3 h6 32. Ra4 Bb7 33. Qh4+
Kc8 34. Qc4 Kb8 35. Bxb7 Rxb7 36. Qxe6 Qc8 37. Qxc8+ Kxc8 38. e6 a5 39. Rc4+
Kd8 40. Rf1 1-0

[Event "Kieler Open 2016-B"]
[Site "Kiel"]
[Date "2016.07.30"]
[Round "2.18"]
[White "Teichmann, Axel"]
[Black "Pillath, Marcus"]
[Result "1-0"]
[WhiteElo "1553"]
[BlackElo "1385"]
[PlyCount "59"]

1. e4 c6 2. Nf3 d5 3. exd5 cxd5 4. d4 Bf5 5. Bd3 Bxd3 6. Qxd3 e6 7. O-O
Nf6 8. Nc3 a6 9. Bg5 Be7 10. a3 h6 11. Bh4 Nbd7 12. Ne5 Nxe5 13. dxe5 Nd7 14.
Bxe7 Qxe7 15. Qg3 O-O 16. Rad1 Rac8 17. Rd4 f6 18. exf6 Nxf6 19. Qe3 Rfe8 20.
Re1 Qc5 21. Rh4 Qxe3 22. fxe3 Kf7 23. Rb4 Rc7 24. Re2 Rec8 25. h3 Ke7 26. e4
dxe4 27. Nxe4 Nxe4 28. Rbxe4 Rc6 29. c3 Rd8 30. c4 {Rest nicht mehr leserlich.}
1-0

[Event "Kieler Open 2016-B"]
[Site "Kiel"]
[Date "2016.07.30"]
[Round "2.19"]
[White "Zielke, Bernd"]
[Black "Keir, Robin"]
[Result "1-0"]
[WhiteElo "1517"]
[BlackElo "1361"]
[PlyCount "71"]

1. b4 d5 2. Bb2 Nf6 3. e3 e6 4. a3 Be7 5. Nf3 Nbd7 6. c4 c6 7. Be2 dxc4 8.
Bxc4 Nb6 9. Qc2 Nxc4 10. Qxc4 O-O 11. O-O Qc7 12. d3 Rd8 13. Nbd2 b5 14. Qb3 c5
15. Rac1 Qb6 16. bxc5 Bxc5 17. Bxf6 gxf6 18. d4 Be7 19. Rc2 Bb7 20. Rfc1 Bd5
21. Qb2 Bd6 22. h3 Qb7 23. Ne1 Rab8 24. f3 e5 25. e4 Bc6 26. d5 Bd7 27. Nb3 b4
28. Nc5 Bxc5+ 29. Rxc5 bxa3 30. Qxa3 Qb6 31. Kh2 Qd6 32. Qxa7 Ra8 33. Qc7 Qa6
34. R1c3 (34. R1c2 Rac8 35. Qa5 Qxa5 36. Rxa5 f5 37. Rac5 fxe4 38. fxe4 f5 39.
Rxc8 Bxc8 40. exf5 Bxf5 41. Rd2 Rd6 42. Nf3 e4 43. Nh4 e3 44. Re2 Rxd5 45. Rxe3
Bc2 46. Nf3 h5 47. Kg3 Kg7 48. h4 Kf6 49. Ng5 Rd3 50. Rxd3 Bxd3 51. Kf4 Kg6 52.
Nf3 Be2 53. Ne5+ Kf6 54. Nd7+ Kg6 55. Ke5 Kh6 56. Kf6 Bg4 57. Ne5 Be2 58. Nf7+
Kh7 59. Kg5 Kg7 60. Nd6 Bf1 61. g3 Be2 62. Ne8+ Kf7) 34... Rac8 35. Qa5 Qxa5
36. Rxa5 1-0

[Event "Kieler Open 2016-B"]
[Site "Kiel"]
[Date "2016.07.30"]
[Round "2.20"]
[White "Turp, Hueseyin"]
[Black "Dambrowski, Ralf"]
[Result "1-0"]
[WhiteElo "1501"]
[BlackElo "1322"]
[PlyCount "85"]

1. d4 Nf6 2. Bf4 g6 3. Nf3 Bg7 4. e3 O-O 5. Be2 d6 6. O-O Nh5 7. Bg5 Nf6
8. Bh4 Nbd7 9. Nbd2 c5 10. c3 cxd4 11. exd4 b6 12. Re1 Bb7 13. h3 Rc8 14. Bf1
Re8 15. Bg3 a6 16. Qa4 b5 17. Qd1 Nb6 18. Ng5 h6 19. Ngf3 Qd7 20. Qb3 Bd5 21.
Qd1 Nc4 22. Nxc4 Bxc4 23. Bxc4 Rxc4 24. Nd2 Rc7 25. Qf3 a5 26. a3 Rb8 27. Nb3
Ra7 28. Nd2 b4 29. axb4 axb4 30. Rxa7 Qxa7 31. Qd3 bxc3 32. bxc3 Rb7 33. Qf3
Qa2 34. Qxb7 Qxd2 35. Rxe7 Qd1+ 36. Kh2 Nh5 37. Rxf7 Qd3 38. Rf3 Qc4 39. Qb8+
Kh7 40. Qxd6 Nxg3 41. fxg3 Qe2 42. Rf7 Qe8 43. Qd7 1-0

[Event "Kieler Open 2016-B"]
[Site "Kiel"]
[Date "2016.07.30"]
[Round "2.21"]
[White "Weck, Uwe"]
[Black "Engel, Peter"]
[Result "1-0"]
[WhiteElo "1476"]
[BlackElo "1229"]
[PlyCount "106"]

1. e4 e5 2. Nf3 Nc6 3. Bb5 a6 4. Ba4 Nf6 5. d3 b5 6. Bb3 Be7 7. c3 d5 8.
exd5 Nxd5 9. O-O O-O 10. Re1 Bf6 11. Nbd2 Bf5 12. Ne4 Re8 13. h3 h6 14. Bc2 Nb6
15. Be3 Bxe4 16. dxe4 Nc4 17. Bc1 a5 18. b3 Nb6 19. Qe2 Na7 20. Be3 c6 21. Nh2
Nd7 22. Qg4 Bg5 23. Rad1 Bxe3 24. Rxe3 Re7 25. Nf3 Qc7 26. Nh4 Nf6 27. Qf3 Nh7
28. Nf5 Re6 29. h4 Kh8 30. Red3 Nf6 31. Qe3 Ng4 32. Qg3 h5 33. f3 Qb6+ 34. Kf1
g6 35. fxg4 gxf5 36. gxf5 Rg8 37. Qf3 Rh6 38. Qf2 c5 39. Rg3 Rxg3 40. Qxg3 f6
41. Rd7 Rh7 42. Rxh7+ Kxh7 43. Qg6+ Kh8 44. Qxh5+ Kg8 45. Qg4+ Kh7 46. Qg6+ Kh8
47. Bd1 Qd8 48. Be2 Qf8 49. h5 b4 50. cxb4 cxb4 51. Bc4 Nc6 52. Bf7 Qg7 53. h6
Qh7 1-0

[Event "Kieler Open 2016-B"]
[Site "Kiel"]
[Date "2016.07.31"]
[Round "3.1"]
[White "Jung, Ingo"]
[Black "Basey, Matthew"]
[Result "1/2-1/2"]
[WhiteElo "1656"]
[BlackElo "1500"]
[Annotator "Görs"]
[PlyCount "33"]

1. e4 e6 2. d4 d5 3. exd5 exd5 4. Bd3 Nc6 5. c3 Bd6 6. Nf3 Nge7 7. O-O Bg4 8.
Re1 Qd7 9. b4 O-O 10. Bg5 Ng6 11. Nbd2 Nce7 12. Qc2 f6 13. Be3 f5 14. Bg5 Nc8
15. Ne5 Bxe5 16. dxe5 Qe6 17. f3 1/2-1/2

[Event "Kieler Open 2016-B"]
[Site "Kiel"]
[Date "2016.07.31"]
[Round "3.2"]
[White "Gerigk, Daniel"]
[Black "Mardini, Mohamed"]
[Result "0-1"]
[WhiteElo "1444"]
[BlackElo "1638"]
[PlyCount "74"]

1. e4 d5 2. exd5 Nf6 3. c4 c6 4. dxc6 Nxc6 5. Nf3 e5 6. d3 Bf5 7. Be2 Qb6 8.
Bd2 Rd8 9. Bc3 e4 10. Nh4 exd3 11. Nxf5 dxe2 12. Qxe2+ Be7 13. Nxg7+ Kf8 14.
Nf5 Bb4 15. O-O Bxc3 16. Nxc3 Qc5 17. Ne3 Nd4 18. Qe1 Rg8 19. Kh1 Qg5 20. Rg1
Re8 21. Qd1 Rd8 22. Qa4 Rg6 23. Qxa7 Qf4 24. Rad1 Rh6 25. h3 Rd7 26. Qc5+ Ke8
27. Qc8+ Ke7 28. Ncd5+ Nxd5 29. Nxd5+ Rxd5 30. cxd5 Nf3 31. Rde1+ Kf6 32. Qh8+
Kf5 33. g4+ Kg5 34. Qg8+ Rg6 35. Qd8+ f6 36. Kg2 h5 37. d6 hxg4 0-1

[Event "Kieler Open 2016-B"]
[Site "Kiel"]
[Date "2016.07.31"]
[Round "3.3"]
[White "Malina, Marcus"]
[Black "Oltmanns, Marc"]
[Result "1/2-1/2"]
[WhiteElo "1565"]
[BlackElo "1496"]
[PlyCount "104"]

1. e4 Nf6 2. Nc3 e5 3. Nf3 Nc6 4. Bc4 Nxe4 5. Nxe4 d5 6. Bb5 dxe4 7. Bxc6+ bxc6
8. Nxe5 Bc5 9. O-O Qd5 10. Ng4 Qg5 11. h3 h5 12. d4 Qd5 13. dxc5 hxg4 14. Qxd5
cxd5 15. hxg4 Bxg4 16. c6 Rh5 17. Bf4 O-O-O 18. f3 exf3 19. gxf3 Bf5 20. c3
Rdh8 21. Kf2 Bd3 22. Rg1 g6 23. Rae1 Rf5 24. Rh1 Rg8 25. Bg3 Rf6 26. Re7 Rxc6
27. Rd1 Bf5 28. Rxd5 Be6 29. Ra5 Kd8 30. Bh4 g5 31. Bxg5 Rxg5 32. Rxe6 Rxa5 33.
Rxc6 Rxa2 34. Ke3 Rxb2 35. Rc4 Rb6 36. Kd4 Rf6 37. Ke4 Kd7 38. f4 Rc6 39. Ra4
Rxc3 40. Rxa7 Rc4+ 41. Ke5 Rc5+ 42. Kf6 Rh5 43. f5 Rh7 44. Ra8 c5 45. Ra7+ Kd6
46. Rxf7 Rxf7+ 47. Kxf7 c4 48. f6 c3 49. Kg7 c2 50. f7 c1=Q 51. f8=Q+ Kd5 52.
Qd8+ Ke4 1/2-1/2

[Event "Kieler Open 2016-B"]
[Site "Kiel"]
[Date "2016.07.31"]
[Round "3.5"]
[White "Plichta, Hans-Reiner"]
[Black "Hartendauer, Frank"]
[Result "1-0"]
[WhiteElo "1793"]
[BlackElo "1710"]
[PlyCount "33"]

1. d4 d5 2. c4 e6 3. g3 Nf6 4. Bg2 c6 5. Nd2 Bd7 6. Ngf3 dxc4 7. Nxc4 c5 8. O-O
Nc6 9. dxc5 Bxc5 10. Nd6+ Bxd6 11. Qxd6 Bc8 12. Bf4 Qxd6 13. Bxd6 Na5 14. Rac1
Bd7 15. Ne5 Bc6 16. Nxc6 Nxc6 17. Rxc6 1-0

[Event "Kieler Open 2016-B"]
[Site "Kiel"]
[Date "2016.07.31"]
[Round "3.6"]
[White "Madelmayer, Maik"]
[Black "Beyer, Mirko"]
[Result "1/2-1/2"]
[WhiteElo "1652"]
[BlackElo "1397"]
[PlyCount "72"]

1. Nf3 e6 2. d4 d5 3. c4 c6 4. Nc3 Bd6 5. e4 dxe4 6. Nxe4 Bb4+ 7. Bd2 Bxd2+ 8.
Qxd2 Nf6 9. Bd3 Nxe4 10. Bxe4 Nd7 11. O-O Nf6 12. Bc2 Qc7 13. Rfe1 c5 14. Ba4+
Bd7 15. Bxd7+ Qxd7 16. Qg5 O-O 17. Qxc5 Rfc8 18. Qb4 Qc7 19. Ne5 Nd7 20. Nxd7
Qxd7 21. Rad1 Rc6 22. d5 Rb6 23. Qc3 exd5 24. Rxd5 Qg4 25. Red1 h5 26. R1d4 Qe2
27. Qd2 Rxb2 28. Qxe2 Rxe2 29. g3 g6 30. Rd7 Rb2 31. Re4 Rxa2 32. Rxb7 a5 33.
Ree7 Rf8 34. Ra7 a4 35. Re3 Rc8 36. Rc3 Rc5 1/2-1/2

[Event "Kieler Open 2016-B"]
[Site "Kiel"]
[Date "2016.07.31"]
[Round "3.7"]
[White "Eberhardt, Michael"]
[Black "Günther, Emil"]
[Result "1-0"]
[WhiteElo "1786"]
[BlackElo "1282"]
[PlyCount "149"]

1. d4 d5 2. Bf4 Nf6 3. e3 Bf5 4. c4 e6 5. Qb3 b6 6. Nc3 Bd6 7. Bg5 dxc4 8. Bxc4
O-O 9. Nf3 Nbd7 10. Nb5 h6 11. Nxd6 cxd6 12. Bf4 d5 13. Ba6 Qe7 14. h3 Nb8 15.
Bxb8 Raxb8 16. Rc1 Be4 17. Rg1 Bxf3 18. gxf3 Qd6 19. Bf1 Rfc8 20. Rd1 Rc7 21.
Bd3 Nh5 22. f4 b5 23. Be2 Nf6 24. f3 a6 25. Kf2 Rbc8 26. Qd3 Nd7 27. Rg3 Nf6
28. Rdg1 Nh5 29. Rg4 Rc1 30. Rxc1 Rxc1 31. Rg1 Rxg1 32. Kxg1 Qb4 33. Qc3 Qxc3
34. bxc3 Ng3 35. Bd3 h5 36. h4 Nf5 37. Bxf5 exf5 38. Kf2 Kf8 39. Ke2 Ke7 40.
Kd3 f6 41. e4 fxe4+ 42. fxe4 Ke6 43. f5+ Kd6 44. Ke3 a5 45. a3 a4 46. Kf4 dxe4
47. Kxe4 Kc6 48. Ke3 Kd5 49. Kd3 Kd6 50. c4 bxc4+ 51. Kxc4 Kc6 52. Kb4 Kd5 53.
Kxa4 Kxd4 54. Kb5 Ke5 55. a4 Kxf5 56. a5 Kg4 57. a6 Kxh4 58. a7 g5 59. a8=Q g4
60. Kc4 f5 61. Kd3 f4 62. Ke2 Kg3 63. Qb8 h4 64. Kf1 h3 65. Qb2 f3 66. Qf2+ Kf4
67. Qh2+ Kg5 68. Qg3 Kh5 69. Kf2 Kg5 70. Ke3 Kf6 71. Qxg4 h2 72. Qh4+ Kf5 73.
Qxh2 Kg4 74. Qg1+ Kf5 75. Kxf3 1-0

[Event "Kieler Open 2016-B"]
[Site "Kiel"]
[Date "2016.07.31"]
[Round "3.8"]
[White "Schwerdt, Alwin Elias"]
[Black "Zechel, Rolf-Rüdiger"]
[Result "0-1"]
[WhiteElo "1454"]
[BlackElo "1654"]
[PlyCount "82"]

1. e4 c5 2. Nf3 Nc6 3. d4 cxd4 4. Nxd4 g6 5. Nxc6 bxc6 6. Bc4 Bg7 7. c3 e6 8.
O-O Ne7 9. Bf4 d5 10. exd5 cxd5 11. Bb3 O-O 12. Re1 Nc6 13. Na3 Ba6 14. Rb1 Rc8
15. Qd2 Re8 16. Bg5 Bf6 17. Bxf6 Qxf6 18. Ba4 Red8 19. Bxc6 Rxc6 20. Nc2 Bb7
21. Ne3 d4 22. Ng4 Qe7 23. cxd4 Rcd6 24. Qb4 Ba8 25. Ne3 Qf6 26. Nc2 Qg5 27.
Ne3 Rxd4 28. Qa3 Rd3 29. h4 Qxh4 30. Qxa7 Qg5 31. Kf1 Qh4 32. Qa5 Rd2 33. Qxd8+
Qxd8 34. Red1 Rxd1+ 35. Rxd1 Qf6 36. Rb1 Kg7 37. b4 Qc3 38. Kg1 Be4 39. Rb3
Qa1+ 40. Nf1 Qxa2 41. Re3 Bd5 0-1

[Event "Kieler Open 2016-B"]
[Site "Kiel"]
[Date "2016.07.31"]
[Round "3.9"]
[White "Neumann, Oskar"]
[Black "Farokhi, Keyvan"]
[Result "0-1"]
[WhiteElo "1640"]
[BlackElo "1575"]
[PlyCount "176"]

1. e4 e5 2. Nf3 Nc6 3. Bb5 a6 4. Ba4 Nf6 5. d3 b5 6. Bb3 Be7 7. O-O d6 8. c3
O-O 9. Nbd2 Na5 10. Bc2 c5 11. Re1 Re8 12. Nf1 Bf8 13. Ng3 g6 14. Bg5 Bg7 15.
d4 Nc6 16. dxc5 dxc5 17. Qxd8 Rxd8 18. Rad1 Be6 19. Bb1 b4 20. Nf1 bxc3 21.
bxc3 h6 22. Bh4 g5 23. Bg3 Nh5 24. a4 Nxg3 25. Nxg3 Bb3 26. Rxd8+ Rxd8 27. a5
Nxa5 28. Nf5 Nc6 29. Ne3 Ne7 30. c4 a5 31. Bc2 Bxc2 32. Nxc2 g4 33. Nh4 Rd2 34.
Rc1 Bf6 35. Nf5 Nxf5 36. exf5 e4 37. Ne3 h5 38. Nf1 Rd4 39. Ng3 h4 40. Nf1 Rd3
41. g3 hxg3 42. hxg3 a4 43. Rc2 a3 44. Ra2 Bb2 45. Ne3 Rc3 46. Kf1 Rc1+ 47. Ke2
Ra1 48. Rxa1 Bxa1 49. Nc2 Bb2 50. Ke3 a2 51. Kxe4 a1=Q 52. Nxa1 Bxa1 53. Kf4
Bd4 54. Kxg4 Bxf2 55. Kf3 Bd4 56. Ke4 Kg7 57. g4 Kh6 58. Kf4 f6 59. Kg3 Kg5 60.
Kh3 Bf2 61. Kg2 Kxg4 62. Kxf2 Kxf5 63. Kf3 Ke5 64. Ke3 f5 65. Kd3 f4 66. Kc3
Ke4 67. Kd2 Kd4 68. Ke2 Kxc4 69. Kf3 Kb3 70. Kxf4 c4 71. Ke3 c3 72. Ke2 c2 73.
Kd2 Kb2 74. Kd3 c1=Q 75. Ke4 Qd2 76. Ke5 Qd3 77. Ke6 Qd4 78. Kf5 Qe3 79. Kf6
Qe4 80. Kg5 Qf3 81. Kg6 Qf4 82. Kg7 Qf5 83. Kg8 Qd7 84. Kf8 Kc3 85. Kg8 Kd4 86.
Kf8 Ke5 87. Kg8 Kf6 88. Kh8 Qg7# 0-1

[Event "Kieler Open 2016-B"]
[Site "Kiel"]
[Date "2016.07.31"]
[Round "3.10"]
[White "Koch, Ralf-Johannes"]
[Black "Weck, Uwe"]
[Result "1-0"]
[WhiteElo "1749"]
[BlackElo "1663"]
[PlyCount "61"]

1. e4 c5 2. Nc3 e6 3. f4 Nc6 4. Nf3 a6 5. a4 Qc7 6. d3 d6 7. g3 Bd7 8. Bg2 Rc8
9. O-O Nge7 10. Ne2 g6 11. c3 Bg7 12. g4 h5 13. g5 e5 14. Nh4 Bg4 15. f5 gxf5
16. exf5 f6 17. h3 Bxe2 18. Qxe2 Na5 19. Be3 d5 20. Rac1 Nb3 21. Rc2 d4 22.
gxf6 Bxf6 23. Bf2 Qd7 24. Qe4 Rg8 25. Kh1 Nc6 26. Qd5 Qg7 27. Qxb3 Bxh4 28.
Bxh4 c4 29. Qxc4 Ne7 30. Qa2 Rc6 31. f6 1-0

[Event "Kieler Open 2016-B"]
[Site "Kiel"]
[Date "2016.07.31"]
[Round "3.11"]
[White "Dao, Joerg"]
[Black "Aksüt, Önder"]
[Result "0-1"]
[WhiteElo "1460"]
[BlackElo "1653"]
[PlyCount "52"]

1. d4 d5 2. Nc3 c5 3. dxc5 d4 4. Ne4 Bf5 5. Qd3 Nc6 6. f3 e5 7. Qb5 Bxe4 8.
fxe4 Qh4+ 9. Kd1 O-O-O 10. b4 Nf6 11. Nf3 Qxe4 12. Bg5 Nd5 13. Qc4 Be7 14. Bxe7
Ne3+ 15. Kc1 Nxc4 16. Bxd8 Ne3 17. Ne1 Rxd8 18. Nd3 Qf5 19. Kb2 e4 20. b5 Na5
21. g4 Qf6 22. g5 Nac4+ 23. Kc1 Qxg5 24. Bh3+ Kb8 25. Nb4 Nd5+ 26. Kb1 Nc3# 0-1

[Event "Kieler Open 2016-B"]
[Site "Kiel"]
[Date "2016.07.31"]
[Round "3.12"]
[White "Mock, Gabriel"]
[Black "Kathage, Holger"]
[Result "0-1"]
[WhiteElo "1444"]
[BlackElo "1740"]
[PlyCount "66"]

1. e4 c5 2. Nf3 d6 3. d4 cxd4 4. Nxd4 Nf6 5. Nc3 a6 6. f3 e6 7. Bg5 Be7 8. Bd3
O-O 9. Qd2 Nbd7 10. h4 Qc7 11. Qf2 b5 12. Qg3 Bb7 13. Bh6 Ne8 14. h5 Kh8 15.
Be3 Rc8 16. Qg4 Ne5 17. Qh3 Nc4 18. Bxc4 Qxc4 19. a3 Bf6 20. Nde2 b4 21. axb4
Qxb4 22. Bd2 Qb6 23. Rb1 Nc7 24. Nd1 Nb5 25. c3 Na3 26. Rc1 Nc4 27. b4 Nxd2 28.
Kxd2 Rfd8 29. h6 g6 30. Ne3 d5 31. exd5 Bxd5 32. Nxd5 Rxd5+ 33. Ke1 Rh5 0-1

[Event "Kieler Open 2016-B"]
[Site "Kiel"]
[Date "2016.07.31"]
[Round "3.13"]
[White "Teichmann, Axel"]
[Black "Howe, Dietrich"]
[Result "1-0"]
[WhiteElo "1823"]
[BlackElo "1560"]
[PlyCount "67"]

1. e4 c5 2. d4 cxd4 3. Qxd4 Nc6 4. Qa4 e6 5. Bb5 a6 6. Bxc6 dxc6 7. Be3 b5 8.
Qd4 Bd7 9. Nf3 c5 10. Qd2 Qc7 11. Nc3 Rd8 12. O-O Bc6 13. Bf4 Qb7 14. Qe2 Nf6
15. Bg5 Be7 16. e5 Nd5 17. Nxd5 Bxd5 18. Bxe7 Qxe7 19. b3 c4 20. Rad1 O-O 21.
Qe3 h6 22. h3 Qc7 23. bxc4 Bxc4 24. Rfe1 Rxd1 25. Rxd1 Qa5 26. a3 Qa4 27. Rd2
Bd5 28. Ne1 Rc8 29. Rd4 Qa5 30. Rb4 Qc7 31. Rg4 Kh7 32. Rg3 Qb7 33. c3 Rc4 34.
Rg4 {Further moves unclear} 1-0

[Event "Kieler Open 2016-B"]
[Site "Kiel"]
[Date "2016.07.31"]
[Round "3.14"]
[White "Hogreve, Holger"]
[Black "Zielke, Bernd"]
[Result "0-1"]
[WhiteElo "1501"]
[BlackElo "1705"]
[PlyCount "132"]

1. Nf3 f5 2. d4 Nf6 3. Bg5 d6 4. Bxf6 exf6 5. e3 d5 6. Nbd2 Be7 7. c4 Be6 8.
Bd3 O-O 9. Rc1 c6 10. Qb3 b6 11. O-O Kh8 12. Qc2 g6 13. b3 Ba3 14. Rce1 Qd7 15.
Re2 Rc8 16. Nb1 Bf8 17. Qb2 Qb7 18. Rc2 Na6 19. a3 Nc7 20. b4 Ne8 21. b5 cxb5
22. cxb5 Nd6 23. Rfc1 Rxc2 24. Rxc2 Rc8 25. Qc1 Rxc2 26. Qxc2 Qc8 27. Qxc8 Nxc8
28. a4 Bb4 29. Nbd2 Nd6 30. Nb3 Ne4 31. h3 g5 32. Bxe4 dxe4 33. Nfd2 Kg7 34.
Kf1 Kf7 35. Ke2 Bd5 36. Kd1 h5 37. Ke2 h4 38. g3 hxg3 39. fxg3 Bd6 40. Kf2 Kg6
41. a5 f4 42. gxf4 gxf4 43. axb6 axb6 44. Nc1 Kh5 45. Ne2 Kg5 46. Nc3 fxe3+ 47.
Kxe3 Bf4+ 48. Ke2 Bxd2 49. Nxd5 Ba5 50. Ke3 f5 51. Ne7 Kf6 52. Nc6 Be1 53. Ne5
Bh4 54. Nd7+ Ke6 55. Nxb6 Bg5+ 56. Ke2 f4 57. Nc4 Bd8 58. b6 Kd5 59. b7 Bc7 60.
Na5 Kd6 61. h4 Ke6 62. d5+ Kxd5 63. h5 Ke6 64. Nc6 Kf6 65. Ne7 Kxe7 66. h6 Kf6
0-1

[Event "Kieler Open 2016-B"]
[Site "Kiel"]
[Date "2016.07.31"]
[Round "3.15"]
[White "Behrendt, Matthias"]
[Black "Rulfs, Ernst-August"]
[Result "1-0"]
[WhiteElo "1638"]
[BlackElo "1574"]
[PlyCount "55"]

1. Nf3 e6 2. g3 d5 3. Bg2 Bd6 4. b3 Nf6 5. Bb2 c5 6. e3 Nc6 7. c4 b6 8. O-O Nb4
9. Ne1 Ba6 10. d3 Rc8 11. cxd5 exd5 12. a3 Nc6 13. Nd2 O-O 14. Rc1 Be5 15. Qc2
Bxb2 16. Qxb2 Re8 17. b4 cxb4 18. axb4 Ne5 19. Rxc8 Qxc8 20. b5 Bb7 21. d4 Nc4
22. Nxc4 Qxc4 23. Nf3 Ne4 24. Rc1 Qd3 25. Bf1 Nxf2 26. Bxd3 Nxd3 27. Qd2 Nxc1
28. Qxc1 1-0

[Event "Kieler Open 2016-B"]
[Site "Kiel"]
[Date "2016.07.31"]
[Round "3.17"]
[White "Müller, Richard"]
[Black "Prasobhu, Pramod Kumar"]
[Result "0-1"]
[WhiteElo "1500"]
[BlackElo "1703"]
[PlyCount "54"]

1. e4 e5 2. Nf3 Nc6 3. d4 exd4 4. Nxd4 Bc5 5. Nb3 Bb6 6. Nc3 a6 7. Bf4 d6 8.
Bd3 Ne5 9. O-O Nf6 10. Bg5 h6 11. Bh4 O-O 12. Nd5 Ned7 13. Qf3 g5 14. Bg3 Nxd5
15. exd5 Ne5 16. Qe4 f5 17. Qb4 Nxd3 18. cxd3 f4 19. Kh1 Qf6 20. Qe1 Bd7 21. h3
fxg3 22. fxg3 Qxb2 23. Qe4 Qg7 24. Kh2 Rae8 25. Qc4 Bb5 26. Qc2 Re3 27. d4 Bxf1
0-1

[Event "Kieler Open 2016-B"]
[Site "Kiel"]
[Date "2016.07.31"]
[Round "3.18"]
[White "Bahr, Arne"]
[Black "Korte, Andreas"]
[Result "1-0"]
[WhiteElo "1695"]
[BlackElo "1554"]
[PlyCount "73"]

1. f4 d5 2. b3 c5 3. e3 Nd7 4. Nf3 f6 5. Bb2 e6 6. Bd3 Bd6 7. O-O Nf8 8. Qe2
Bd7 9. Nc3 a6 10. a4 Qc7 11. Nd1 e5 12. fxe5 fxe5 13. Ng5 Nh6 14. Qh5+ Ke7 15.
Nf7 Nxf7 16. Qxf7+ Kd8 17. Qxg7 e4 18. Be2 Ng6 19. Qh6 Bxh2+ 20. Qxh2 Qxh2+ 21.
Kxh2 Rf8 22. Rxf8+ Nxf8 23. Bf6+ Kc7 24. Nc3 Kd6 25. Rf1 Ng6 26. Bg5 Rf8 27.
Rxf8 Nxf8 28. Bf4+ Kc6 29. Kg3 Bf5 30. Bg4 Bg6 31. Bh6 d4 32. Bxf8 dxc3 33.
dxc3 b5 34. axb5+ Kxb5 35. Kf4 c4 36. Bd7+ Kb6 37. bxc4 1-0